| 000 | 00428nam a2200157Ia 4500 | ||
|---|---|---|---|
| 008 | 160316s1999 xxu||||| |||| 00| 0 eng d | ||
| 082 |
_a344.046000 _bEQU |
||
| 100 | _a | ||
| 245 | _aIntegrating coastal and ocean space: A task oriented national meet (ICOSM), Jun. 19, 1999 | ||
| 250 | _a | ||
| 260 |
_aBangalore _bEQUATIONS _c1999 |
||
| 300 |
_a45 _b _c |
||
| 365 | _b | ||
| 650 | _a1. Coastal - ocean space | ||
| 700 |
_a _a |
||
| 999 |
_c37003 _d37003 |
||